[Event "Tourn. n9099"]
[Site "www.chess-mail.com"]
[Date "2017.01.11"]
[Round "1"]
[White "Madz123456"]
[Black "Vasylpuzanov"]
[WhiteElo "1570"]
[BlackElo "1330"]
[Result "0-1"]
[Round "1"]
1.e4 e5
2.Ng1f3 Nb8c6
3.Bf1c4 Ng8f6
4.d4 exd4
5.e5 d5
6.Bc4b5 Nf6g4
7.h3 Ng4h6
 { time }
0-1

[Event "Tourn. n9094"]
[Site "www.chess-mail.com"]
[Date "2017.01.11"]
[Round "1"]
[White "Fabos12"]
[Black "Bojan"]
[WhiteElo "2090"]
[BlackElo "2080"]
[Result "0-1"]
[Round "1"]
1.d4 g6
2.c4 b6
3.Ng1f3 Bc8b7
4.Nb1d2 e6
5.e4 Ng8f6
6.Qd1c2 Nb8c6
7.d5 exd5
8.exd5 Nc6b4
9.Qc2d1 Bf8h6
10.a3 Nb4a6
11.b4 Qd8e7
12.Bf1e2 Bh6g7
13.Bc1b2 c6
14.dxc6 dxc6
15.O-O Ra8d8
16.Rf1e1 O-O
17.Be2f1 Qe7d7
18.Nd2b3 Qd7g4
19.Qd1c2 Na6c7
20.Nf3e5 Qg4c8
21.Ra1d1 Nc7e6
22.c5 { time. }
0-1

[Event "Tourn. n9103"]
[Site "www.chess-mail.com"]
[Date "2017.01.11"]
[Round "1"]
[White "Jobeye"]
[Black "Piekki"]
[WhiteElo "2149"]
[BlackElo "2290"]
[Result "0-1"]
[Round "1"]
1.c4 e5
2.Nb1c3 d6
3.g3 f5
4.e4 Ng8f6
5.Bf1g2 Nb8c6
6.Qd1a4 Bf8e7
7.d3 O-O
8.Bc1e3 f4
9.gxf4 exf4
10.Be3xf4 Nf6g4
11.Ng1e2 Be7h4
12.O-O Nc6e5
13.d4 Ne5d3
14.f3 Ng4f2
15.e5 Nf2h3
16.Bg2xh3 Bc8xh3
17.Rf1d1 Rf8xf4
18.Ne2xf4 Qd8g5
19.Kh1 Nd3f2

0-1

[Event "Tourn. n9173"]
[Site "www.chess-mail.com"]
[Date "2017.01.11"]
[Round "1"]
[White "Bojan"]
[Black "Norlavuaram"]
[WhiteElo "2020"]
[BlackElo "2110"]
[Result "1/2-1/2"]
[Round "1"]
1.d4 Ng8f6
2.Bc1g5 g6
3.f3 Bf8g7
4.Qd1d3 O-O
5.c3 d5
6.Nb1d2 Nb8c6
7.h4 h6
8.Bg5f4 Nf6h5
9.Bf4h2 e5
10.Nd2b3 Qd8xh4
11.Kd1 Nh5g3
12.Bh2xg3 Qh4xh1
13.Bg3f2 Qh1h5
14.g4 Qh5h2
15.Qd3e3 exd4
16.cxd4 Qh2d6
17.Qe3d2 Bc8e6
18.Nb3c5 b6
19.Nc5xe6 Qd6xe6
20.e3 Nc6e7
21.Ng1h3 c5
22.dxc5 bxc5
23.Nh3f4 Qe6c6
24.Ra1c1 Ra8b8
25.b3 Rf8d8
26.Bf1e2 Rb8c8
27.Ke1 Qc6b7
28.Kf1 c4
29.bxc4 dxc4
30.Qd2a5 c3
31.Nf4d3 Rd8d5
32.Qa5a3 c2
33.Nd3b4 Rd5c5
34.e4 Rc5c3
35.Qa3a4 Rc3c7
{ draw }
1/2-1/2

[Event "Tourn. n9134"]
[Site "www.chess-mail.com"]
[Date "2017.01.11"]
[Round "1"]
[White "Madz123456"]
[Black "Cal"]
[WhiteElo "1750"]
[BlackElo "1470"]
[Result "0-1"]
[Round "1"]
1.e4 e5
2.Ng1f3 d6
3.d4 exd4
4.Qd1xd4 Ng8f6
5.e5 Nb8c6
6.Bf1b5 Bc8d7
7.Bb5xc6 Bd7xc6
8.exf6 Bc6xf3
 { time }
0-1

[Event "Tourn. n9074"]
[Site "www.chess-mail.com"]
[Date "2017.01.11"]
[Round "1"]
[White "Odin"]
[Black "Bojan"]
[WhiteElo "1880"]
[BlackElo "2010"]
[Result "0-1"]
[Round "1"]
1.d4 d5
2.e3 a6
3.c4 Ng8f6
4.Ng1f3 h6
5.Bf1d3 Nb8c6
6.Nb1d2 Bc8d7
7.a3 e5
8.dxe5 Nf6g4
9.cxd5 Nc6xe5
10.Nf3xe5 Ng4xe5
11.Bd3c2 Qd8g5
12.f4 Qg5xg2
13.Bc2e4 Ne5d3
14.Be4xd3 Qg2xh1
15.Nd2f1 Qh1xd5
16.e4 Qd5c6
17.Nf1g3 O-O-O
18.Bc1e3 Bf8e7
19.Ra1c1 Qc6f6
20.Qd1c2 Bd7c6
21.Ke2 Qf6h4
22.Be3f2 Qh4xh2
23.Bd3xa6 Rd8d7
24.Qc2b3 Rd7d6
25.Rc1xc6 bxa6
26.Rc6xd6 Be7xd6
27.Qb3xf7 Rh8f8
28.Qf7e6 Kd8
29.Qe6d5 Rf8xf4
30.Qd5d4 Rf4xf2
31.Qd4xf2 Bd6xg3
32.Qf2xh2 Bg3xh2
33.Kd3 g5
34.Ke3 Bh2e5
35.b3 c5
36.a4 a5
37.Kf3 Ke7
38.Kg4 Ke6
39.Kh5 Be5c3
40.Kg4 Ke5
41.Kf3 h5
42.Ke3 g4
{ resign }
0-1

[Event "Tourn. n9128"]
[Site "www.chess-mail.com"]
[Date "2017.01.11"]
[Round "1"]
[White "Autmich"]
[Black "Pachi"]
[WhiteElo "1489"]
[BlackElo "1490"]
[Result "1-0"]
[Round "1"]
1.e4 e5
2.Ng1f3 d6
3.d4 Ng8f6
4.dxe5 Nf6xe4
5.Qd1e2 d5
6.Nb1d2 Bc8f5
7.Nd2xe4 dxe4
8.Nf3d2 Qd8d5
9.Nd2b3 Nb8c6
10.Bc1e3 Nc6xe5
11.Nb3d4 g6
12.c4 Ne5d3
13.Kd2 Qd5a5
14.Kd1 c5
15.Nd4b3 Qa5b4
16.Qe2c2 O-O-O
17.Bf1xd3 Rd8xd3
18.Ke2 Bf8g7
19.Rh1d1 Rh8d8
20.Rd1xd3 Rd8xd3
21.Be3xc5 Qb4a4
22.Bc5a3 Bg7h6
23.Kf1 Qa4e8
24.Ra1d1 Bh6f4
25.g3 Bf4e5
26.Nb3c5 Rd3f3
27.Kg2 Qe8c6
28.Qc2d2 Be5f6
29.Qd2d6 e3
30.Qd6xc6 bxc6
31.Kxf3 Bf6g5
32.fxe3 Bf5c2
33.Rd1d7 a5
34.Rd7xf7 h5
35.h4 Bg5d8
36.Nc5e6 Bc2f5
37.Ne6xd8 Kxd8
38.Rf7f6 Bf5d3
39.Rf6d6 { resign }
1-0

[Event "Tourn. n9065"]
[Site "www.chess-mail.com"]
[Date "2017.01.11"]
[Round "1"]
[White "Hundegana"]
[Black "Amaya"]
[WhiteElo "2000"]
[BlackElo "2100"]
[Result "1-0"]
[Round "1"]
1.e4 e6
2.b3 d5
3.Qd1e2 dxe4
4.Qe2xe4 Ng8f6
5.Qe4c4 b6
6.Ng1f3 Bf8c5
7.d4 Bc8a6
8.Qc4a4 Nf6d7
9.dxc5 Ba6xf1
10.Kxf1 O-O
11.c6 Nd7c5
12.Qa4d4 Nb8xc6
13.Qd4xd8 Ra8xd8
14.Nb1c3 a6
15.Bc1f4 Rd8d7
16.Ke2 f6
17.Ra1d1 e5
18.Bf4e3 Rf8d8
19.Be3xc5 bxc5
20.Rd1xd7 Rd8xd7
21.Rh1d1 Nc6d4
22.Nf3xd4 cxd4
23.Nc3e4 f5
24.Ne4c5 Rd7d6
25.c3 a5
26.cxd4 Rd6xd4
27.Rd1xd4 exd4
28.Kd3 Kf7
29.Kxd4 Ke7
30.Nc5b7 { resign }
1-0

[Event "Tourn. n9171"]
[Site "www.chess-mail.com"]
[Date "2017.01.11"]
[Round "1"]
[White "Bojan"]
[Black "Pellix84"]
[WhiteElo "2030"]
[BlackElo "2040"]
[Result "0-1"]
[Round "1"]
1.e4 c5
2.Bf1c4 e6
3.Ng1e2 Qd8c7
4.a3 Ng8f6
5.d3 b6
6.g3 Bc8b7
7.Nb1c3 d5
8.exd5 exd5
9.Bc4b5 Nb8c6
10.Nc3a2 a6
11.Bb5xc6 Qc7xc6
12.Ne2f4 Bf8e7
13.f3 O-O
14.b4 Ra8d8
15.O-O Rf8e8
16.c3 d4
17.c4 Nf6d7
18.Nf4d5 Nd7e5
19.Rf1e1 Rd8xd5
20.cxd5 Qc6xd5
21.Re1xe5 Qd5xe5
22.Bc1f4 Qe5d5
23.Kf2 c4
24.Na2c1 b5
25.Bf4d2 c3
26.Bd2e1 Be7g5
27.Ra1a2 Re8e3
28.Kg2 Re3xf3
29.Kg1 Bg5e3
30.Kg2 Rf3f4
{ resign }
0-1

[Event "Tourn. n9129"]
[Site "www.chess-mail.com"]
[Date "2017.01.11"]
[Round "1"]
[White "Aperturaf"]
[Black "Sachpat"]
[WhiteElo "2370"]
[BlackElo "2580"]
[Result "1/2-1/2"]
[Round "1"]
1.e4 e5
2.Ng1f3 Nb8c6
3.d4 exd4
4.Nf3xd4 Bf8c5
5.Nd4xc6 Qd8f6
6.Qd1d2 dxc6
7.Nb1c3 Bc5d4
8.Bf1d3 Ng8e7
9.O-O Ne7g6
10.Qd2e1 Ng6e5
11.Bd3e2 g5
12.Kh1 Ne5g6
13.Be2c4 Bd4e5
14.Bc1e3 Ng6f4
15.f3 Bc8e6
16.Bc4xe6 Nf4xe6
17.Ra1d1 Be5d6
18.Be3f2 Qf6g7
19.Qe1e3 h5
20.Rf1e1 O-O
21.e5 Bd6b4
22.Rd1d3 Rf8d8
23.Qe3e4 Bb4xc3
24.Rd3xc3 Rd8d2
25.Kg1 Ra8d8
26.Qe4b4 Rd2d1
27.Rc3d3 Rd1xe1
28.Qb4xe1 Rd8d5
29.Rd3e3 Qg7f8
30.Re3d3 b6
31.Qe1c3 Qf8d8
32.Rd3xd5 cxd5
33.Qc3d3 g4
34.fxg4 hxg4
35.Bf2e1 { draw }
1/2-1/2

[Event "Tourn. n9077"]
[Site "www.chess-mail.com"]
[Date "2017.01.11"]
[Round "1"]
[White "Ejner"]
[Black "Seger"]
[WhiteElo "2410"]
[BlackElo "2820"]
[Result "0-1"]
[Round "1"]
1.Ng1f3 d5
2.d4 Ng8f6
3.c4 c5
4.cxd5 cxd4
5.Nf3xd4 Nf6xd5
6.e4 Nd5f6
7.Bf1b5 Bc8d7
8.Bb5xd7 Qd8xd7
9.e5 Nf6d5
10.e6 fxe6
11.Qd1h5 g6
12.Qh5e5 Qd7c7
13.Bc1f4 Nb8d7
14.Qe5xh8 Nd5xf4
15.O-O Nd7f6
16.Nb1a3 Ra8d8
17.Ra1c1 Qc7b6
18.Na3b5 Kf7
{ resign }
0-1

[Event "Tourn. n9134"]
[Site "www.chess-mail.com"]
[Date "2017.01.11"]
[Round "1"]
[White "Lachouette"]
[Black "Madz123456"]
[WhiteElo "1510"]
[BlackElo "1710"]
[Result "1-0"]
[Round "1"]
1.e4 Ng8f6
2.d3 d5
3.e5 Nf6d7
4.d4 c5
5.c3 Nb8c6
6.Ng1f3 e6
7.Bf1b5 Qd8a5
8.a4  { time }
1-0

[Event "Tourn. n9039"]
[Site "www.chess-mail.com"]
[Date "2017.01.11"]
[Round "1"]
[White "Rons"]
[Black "Conde7"]
[WhiteElo "2520"]
[BlackElo "2880"]
[Result "0-1"]
[Round "1"]
1.e4 c5
2.Ng1f3 Nb8c6
3.d4 cxd4
4.Nf3xd4 Ng8f6
5.Nb1c3 a6
6.Bc1e3 e5
7.Nd4e2 Nf6g4
8.Qd1d2 Ng4xe3
9.Qd2xe3 Qd8a5
10.Qe3g3 d6
11.O-O-O Bc8e6
12.Nc3d5 Nc6b4
13.a3 Nb4xd5
14.exd5 Be6f5
15.Ne2c3 Ra8c8
16.Bf1d3 Bf5xd3
17.Rd1xd3 g6
18.Kb1 Rc8c4
19.Qg3e3 Bf8e7
20.b3 Rc4c8
21.f4 exf4
22.Qe3xf4 O-O
23.Rh1e1 Qa5d8
24.Qf4b4 Be7f6
25.Nc3e4 Bf6e5
26.Qb4xb7 Rc8b8
27.Qb7a7 Qd8a5
28.Qa7f2 f5
29.Ne4g5 Be5f6
30.Ng5xh7 Kxh7
31.Re1e6 Rb8e8
32.b4 Qa5c7
33.Rd3h3 Kg7
34.Qf2e3 Re8xe6
35.Qe3h6 Kg8
36.Qh6xg6 Qc7g7
37.Qg6xg7 Kxg7
38.dxe6 Bf6e5
39.e7 Rf8c8
40.Kc1 Kf6
41.Rh3h7 Kg6
42.Rh7h3 Rc8e8
43.c4 Re8xe7
44.Kc2 Re7b7
45.Kd3 a5
46.b5 a4
47.Ke2 Rb7c7
48.Kd3 d5
49.Rh3h4 f4
50.cxd5 Rc7c3
51.Ke2 Rc3xa3
{ resign }
0-1

[Event "Tourn. n9082"]
[Site "www.chess-mail.com"]
[Date "2017.01.11"]
[Round "1"]
[White "Azulmarino"]
[Black "Cal"]
[WhiteElo "1570"]
[BlackElo "1530"]
[Result "0-1"]
[Round "1"]
1.e4 e5
2.Ng1f3 d6
3.Nb1c3 a6
4.d4 exd4
5.Qd1xd4 Nb8c6
6.Qd4d5 Nc6b4
7.Qd5d2 h6
8.Bf1c4 Ng8f6
9.a3 Bf8e7
10.axb4 O-O
11.Qd2d3 c6
12.h3 Bc8e6
13.Bc1e3 b5
14.Bc4xe6 fxe6
15.O-O Qd8c7
16.Be3f4 e5
17.Bf4e3 Nf6h5
18.g4 Nh5f6
19.Nf3h4 Nf6h7
20.Qd3d2 Be7xh4
21.Nc3d1 c5
22.f3 c4
23.c3 Bh4g3
24.Qd2g2 Bg3f4
25.Be3f2 Nh7g5
26.Bf2h4 Ng5e6
27.g5 hxg5
28.Bh4g3 Bf4xg3
29.Qg2xg3 Rf8f4
30.Nd1e3 Qc7b6
31.Rf1e1 Ra8f8
32.Kh2 Rf4xf3
33.Qg3g4 Rf8f6
34.Ne3d5 Qb6f2
35.Qg4g2 Rf3xh3
36.Kxh3 Qf2h4
{ resign }
0-1

[Event "Tourn. n9073"]
[Site "www.chess-mail.com"]
[Date "2017.01.11"]
[Round "1"]
[White "Azulmarino"]
[Black "Lachouette"]
[WhiteElo "1570"]
[BlackElo "1489"]
[Result "1-0"]
[Round "1"]
1.e4 Nb8c6
2.d4 e6
3.c4 d6
4.Nb1c3 Bc8d7
5.Ng1f3 Qd8f6
6.Bc1g5 Qf6g6
7.Bf1d3 f6
8.e5 f5
9.Qd1d2 dxe5
10.dxe5 Bf8e7
11.h4 Be7xg5
12.Nf3xg5 h6
13.Ng5f3 Qg6xg2
14.O-O-O Qg2xf3
15.Bd3e2 Qf3g2
16.Qd2xd7 Kf8
17.Qd7xe6 Ra8e8
18.Qe6xf5 Ke7
19.Nc3d5 Kd8
20.Nd5f4 Nc6d4
21.Rd1xd4 Ke7
22.Nf4g6 Qg2xg6
23.Qf5xg6 Kf8
24.Rd4d7 Ng8e7
25.Qg6e6 g6
26.Qe6f6 Kg8
27.c5 Rh8h7
28.Be2c4 Rh7f7
29.Bc4xf7 Kh7
30.Bf7xe8 Kg8
31.Rd7xe7 g5
32.Qf6g7 { resign }
1-0

[Event "Tourn. n9050"]
[Site "www.chess-mail.com"]
[Date "2017.01.11"]
[Round "1"]
[White "Mao"]
[Black "Falcoale"]
[WhiteElo "1860"]
[BlackElo "1860"]
[Result "1-0"]
[Round "1"]
1.e4 c5
2.Ng1f3 e6
3.d4 cxd4
4.Nf3xd4 a6
5.Nb1c3 b5
6.Bc1e3 Bc8b7
7.f3 Nb8c6
8.Qd1d2 d6
9.O-O-O Nc6a5
10.g4 Ng8f6
11.g5 Nf6d7
12.h4 Na5c4
13.Bf1xc4 bxc4
14.h5 Nd7e5
15.f4 Ne5c6
16.g6 hxg6
17.hxg6 Rh8xh1
18.gxf7 Ke7
19.Rd1xh1 Kxf7
20.f5 Nc6xd4
21.Be3xd4 e5
22.Bd4e3 Qd8d7
23.Qd2e2 Ke8
24.Qe2xc4 Ra8c8
25.Qc4g8 Qd7f7
26.Qg8xf7 Kxf7
27.Rh1d1 Rc8xc3
28.bxc3 Bb7xe4
29.Rd1f1 Be4d5
30.a4 Bd5c6
31.a5 Bc6b5
32.Rf1g1 Bb5e2
33.Rg1g2 Be2f3
34.Rg2g6 Bf3e4
35.Rg6g5 Bf8e7
36.Rg5h5 Be7d8
37.Be3b6 Bd8e7
38.Rh5h8 Be4xf5
39.Rh8a8 g5
40.Ra8xa6 g4
41.Ra6a7 Ke6
42.Ra7b7 g3
43.a6 Bf5e4
44.Rb7b8 g2
45.a7 Be7g5
46.Kd1 Be4f3
47.Ke1 Bg5h4
48.Kd2 Bh4g5
49.Kd3 Bf3c6
50.a8Q Bc6xa8
51.Rb8xa8 d5
52.Ra8g8 e4
53.Ke2 Kf5
54.Bb6e3 Bg5xe3
55.Kxe3 { resign }
1-0

[Event "Tourn. n8997"]
[Site "www.chess-mail.com"]
[Date "2017.01.11"]
[Round "1"]
[White "Falcoale"]
[Black "Crull"]
[WhiteElo "1600"]
[BlackElo "1740"]
[Result "1/2-1/2"]
[Round "1"]
1.e4 c5
2.Ng1f3 Nb8c6
3.d4 cxd4
4.Nf3xd4 Ng8f6
5.Nb1c3 e5
6.Nd4xc6 bxc6
7.Bf1c4 d6
8.O-O Bf8e7
9.f3 Qd8b6
10.Kh1 O-O
11.b3 Bc8a6
12.Bc4xa6 Qb6xa6
13.Bc1b2 Rf8d8
14.Nc3e2 c5
15.c4 Nf6h5
16.Ne2g3 Nh5xg3
17.hxg3 Be7g5
18.f4 exf4
19.gxf4 Bg5h6
20.a4 Qa6b7
21.Qd1f3 Qb7e7
22.Ra1e1 Qe7h4
23.Qf3h3 Qh4xh3
24.gxh3 Ra8b8
25.f5 Bh6d2
26.Re1e2 Bd2g5
27.Rf1g1 f6
28.Rg1g3 Bg5f4
29.Rg3g4 Bf4h6
30.Bb2xf6 Rd8f8
31.Bf6g5 Bh6xg5
32.Rg4xg5 h6
33.Rg5g6 Rf8f6
34.Rg6xf6 gxf6
35.Re2e3 a5
36.Re3d3 Rb8d8
37.Kg2 Rd8d7
38.Kg3 Rd7g7
39.Kf4 Rg7d7
40.Rd3g3 Rd7g7
41.Rg3d3 Rg7d7
42.Kg4 Kg7
43.Kh5 Kh7
44.Kg4 Kg7
45.Kh5 Rd7d8
46.Rd3g3 Kh7
47.Rg3g6 Rd8e8
48.Rg6xh6 Kg7
49.Rh6g6 Kf7
50.Rg6h6 Re8g8
51.Rh6h7 Rg8g7
52.Rh7xg7 Kxg7
53.Kh4 Kh6
54.Kg4 Kg7
55.Kh5 Kh7
56.Kg4 Kh6
57.Kh4 Kg7
58.Kg4 Kh6
59.Kh4 Kg7
60.Kh5 Kh7
61.Kg4 Kh6

1/2-1/2

[Event "Tourn. n9074"]
[Site "www.chess-mail.com"]
[Date "2017.01.11"]
[Round "1"]
[White "Mitja"]
[Black "Andychesston"]
[WhiteElo "1970"]
[BlackElo "1990"]
[Result "1-0"]
[Round "1"]
1.d4 d5
2.e3 Ng8f6
3.h3 Nb8c6
4.c3 e6
5.Ng1e2 e5
6.dxe5 Nc6xe5
7.Ne2g3 g6
8.Qd1d4 Ne5c6
9.Qd4d2 Bf8g7
10.b3 O-O
11.Bf1e2 Bc8e6
12.O-O Qd8d7
13.Bc1b2 Nc6e7
14.Rf1d1 c6
15.Nb1a3 Ra8d8
16.Be2f3 Kh8
17.Na3c2 Be6xh3
18.gxh3 Qd7xh3
19.Bf3g2 Qh3h4
20.Nc2d4 Nf6e4
21.Ng3xe4 dxe4
22.Qd2e2 Rd8d5
23.Ra1b1 Ne7f5
24.Nd4xf5 Rd5xf5
25.Rd1d7 Rf5h5
26.c4 Bg7xb2
27.Rb1xb2 f5
28.Rb2d2 Qh4h2
29.Kf1 Rh5g5
30.f4 Rg5g3
31.Qe2f2 h5
32.Ke1 h4
33.Rd7xb7 h3
34.Rd2d7 Rf8e8
35.Bg2f1 Rg3g2
36.Qf2h4 Kg8
37.Qh4h7 { resign }
1-0

[Event "Tourn. n9124"]
[Site "www.chess-mail.com"]
[Date "2017.01.11"]
[Round "1"]
[White "Genius3"]
[Black "Madz123456"]
[WhiteElo "1850"]
[BlackElo "1620"]
[Result "1-0"]
[Round "1"]
1.e4 Ng8f6
2.e5 Nf6d5
3.d4 d6
4.Ng1f3 g6
5.c4 Nd5b6
6.exd6 cxd6
7.Nb1c3 Bf8g7
8.h3 O-O
9.Bf1e2 Nb8c6
10.Bc1e3  { time }
1-0

[Event "Tourn. n9013"]
[Site "www.chess-mail.com"]
[Date "2017.01.11"]
[Round "1"]
[White "Kampungboy"]
[Black "Goofy"]
[WhiteElo "2540"]
[BlackElo "2340"]
[Result "1-0"]
[Round "1"]
1.e4 d5
2.exd5 Ng8f6
3.Ng1f3 Bc8g4
4.d4 Qd8xd5
5.Bf1e2 Nb8c6
6.c4 Qd5f5
7.O-O O-O-O
8.Bc1e3 e5
9.d5 e4
10.Nf3d4 Nc6xd4
11.Be3xd4 Bf8d6
12.Rf1e1 h5
13.Nb1c3 c5
14.Bd4e3 Bg4xe2
15.Qd1xe2 Nf6g4
16.h3 Qf5e5
17.g3 Ng4xe3
18.Qe2xe3 f5
19.h4 Kb8
20.Nc3b5 Bd6f8
21.Ra1b1 Rh8h6
22.b4 b6
23.a3 Rh6g6
24.Kf1 a6
25.Nb5c3 Qe5c7
26.d6 Rd8xd6
27.Nc3d5 Rd6xd5
28.cxd5 c4
29.Qe3e2 Rg6h6
30.Re1c1 b5
31.a4 Bf8d6
32.axb5 axb5
33.Rb1a1 Bd6e5
34.Ra1a5 Qc7d7
35.Qe2e3 { resign }
1-0

[Event "Match"]
[Site "www.echecsemail.com"]
[Date "2017.01.11"]
[Round "1"]
[White "Yoj"]
[Black "Guidom"]
[WhiteElo "1990"]
[BlackElo "2050"]
[Result "1-0"]
[Round "1"]
1.Ng1f3 d5
2.c4 d4
3.c5 Nb8c6
4.Qd1a4 Ng8f6
5.d3 Bc8g4
6.Nf3e5 Bg4d7
7.Ne5xd7 Qd8xd7
8.Bc1f4 e5
9.Bf4d2 Bf8xc5
10.g3 O-O
11.h3 a6
12.Qa4c4 Bc5b6
13.Bf1g2 Nc6a5
14.Bd2xa5 Bb6xa5
15.b4 Ba5b6
16.Bg2xb7 Ra8b8
17.Bb7xa6 c6
18.Qc4b3 e4
19.Nb1a3 exd3
20.Ba6xd3 Nf6d5
21.Na3c4 Bb6c7
22.a3 Rf8e8
23.Qb3c2 h6
24.O-O-O Nd5c3
25.Rd1d2 c5
26.e3 Nc3a4
27.exd4 cxb4
28.axb4 Rb8xb4
29.d5 Re8b8
30.Qc2a2 Na4c3
31.Qa2a3 Rb4b3
32.Qa3a7 Qd7b5
33.Nc4b2 Rb3xb2
34.Bd3xb5 Nc3xb5
35.Qa7xb8 Bc7xb8
36.Rd2xb2 { resign }
1-0

[Event "Match"]
[Site "www.echecsemail.com"]
[Date "2017.01.11"]
[Round "1"]
[White "Coolant"]
[Black "Chapi"]
[WhiteElo "1499"]
[BlackElo "2150"]
[Result "0-1"]
[Round "1"]
1.Nb1c3 c5
2.Ng1f3 Nb8c6
3.g3 g6
4.Bf1g2 Bf8g7
5.O-O Ng8f6
6.e4 O-O
7.Rf1e1 e5
8.d3 d6
9.h3 Nc6d4
10.Nf3xd4 cxd4
11.Nc3e2 Bc8e6
12.Kh2 Ra8c8
13.c4 dxc3
14.Ne2xc3 d5
15.Bc1g5 Qd8d7
16.Bg5xf6 Bg7xf6
17.exd5 Be6f5
18.Ra1c1 Qd7d6
19.Nc3e4 Qd6b6
20.Qd1e2 Bf6g7
21.g4 Bf5d7
22.g5 f5
23.gxf6 Bg7xf6
24.Rc1c3 Bf6h4
25.Re1c1 Rc8xc3
26.bxc3 Bh4xf2
27.Ne4xf2 Rf8xf2
28.Qe2e4 Qb6b2
29.Rc1g1 Qb2xc3
30.h4 Rf2d2
31.h5 Rd2xd3
32.Rg1e1 Rd3d4
33.Qe4xe5 Qc3c5
34.hxg6 Rd4h4
35.Kg3 Rh4g4
36.Kf3 Qc5a3
37.Re1e3 Qa3f8
{ resign }
0-1

[Event "Match"]
[Site "www.echecsemail.com"]
[Date "2017.01.11"]
[Round "1"]
[White "Genius9"]
[Black "Liencam2"]
[WhiteElo "1610"]
[BlackElo "2340"]
[Result "0-1"]
[Round "1"]
1.d4 Ng8f6
2.c4 g6
3.g3 Bf8g7
4.Bf1g2 c5
5.Ng1f3 Qd8a5
6.Bc1d2 Qa5b6
7.Bd2c3 Nf6e4
8.Qd1c2 cxd4
9.Qc2xe4 dxc3
10.Nb1xc3 Qb6xb2
{ resign }
0-1

[Event "Match"]
[Site "www.echecsemail.com"]
[Date "2017.01.11"]
[Round "1"]
[White "Balbyns"]
[Black "Sonny1000"]
[WhiteElo "1199"]
[BlackElo "1320"]
[Result "1-0"]
[Round "1"]
1.d4 d5
2.Ng1f3 f6
3.e3 Nb8c6
4.Nb1c3 a6
5.Bf1e2 Nc6b4
6.a3 Nb4c6
7.O-O Bc8f5
8.Nf3h4 Bf5g6
9.Nh4xg6 e5
10.Ng6xh8 exd4
11.exd4 Nc6a5
12.Rf1e1 Ng8h6
13.Bc1xh6 gxh6
14.Be2h5 Kd7
15.Nh8f7 Qd8c8
16.Bh5g4 f5
17.Bg4xf5 Kc6
18.Bf5xc8 Ra8xc8
19.Qd1f3 Kb6
20.Qf3xd5 Na5c6
21.Nf7xh6 Rc8d8
22.Qd5b3 Ka7
23.Nh6f7 Rd8xd4
24.Re1e8 Nc6a5
25.Qb3e6 Rd4d2
26.Qe6e3 b6
27.Qe3xd2 Kb7
28.Re8xf8 Na5c6
29.Qd2d5 b5
30.Nf7d8 Kc8
31.Nd8xc6 Kb7
32.Nc6a5 Kb6
33.b4 h5
34.Qd5b7 
1-0

[Event "1/4 Finale"]
[Site "www.chess-mail.com"]
[Date "2017.01.11"]
[Round "1"]
[White "Buchauer"]
[Black "Manolinex"]
[WhiteElo "2740"]
[BlackElo "2890"]
[Result "1/2-1/2"]
[Round "1"]
1.d4 Ng8f6
2.c4 e6
3.Nb1c3 Bf8b4
4.e3 O-O
5.Bf1d3 d5
6.Ng1f3 c5
7.O-O b6
8.cxd5 exd5
9.Nf3e5 Bb4xc3
10.bxc3 Bc8a6
11.Bd3xa6 Nb8xa6
12.f3 Na6c7
13.a4 Rf8e8
14.Ne5d3 Qd8d6
15.Rf1e1 h6
16.Bc1b2 Ra8b8
17.Bb2a3 Nc7e6
18.Qd1b3 Qd6c6
19.Nd3e5 Qc6c8
20.Ra1b1 Ne6f8
21.Qb3b2 Nf6d7
22.Ne5xd7 Nf8xd7
23.Qb2b3 c4
24.Qb3c2 Nd7f6
25.Ba3d6 Rb8b7
26.h3 Re8e6
27.Bd6e5 Rb7e7
28.Rb1b5 Nf6d7
29.Be5f4 Qc8b7
30.h4 a6
31.Rb5b2 Qb7c6
32.Re1b1 Qc6c8
33.h5 Qc8d8
34.Qc2f5 Nd7f6
35.g4 Nf6h7
36.Bf4e5 Nh7g5
{ draw }
1/2-1/2

[Event "Eq:Slap Shot Mates-Los Tercios : "]
[Site "www.chess-mail.com"]
[Date "2017.01.11"]
[Round "1"]
[White "Prize640"]
[Black "Azorau"]
[WhiteElo "2370"]
[BlackElo "1800"]
[Result "1-0"]
[Round "1"]
1.e4 e5
2.Ng1f3 Nb8c6
3.Bf1c4 h6
4.c3 Ng8f6
5.d3 Bf8c5
6.O-O b6
7.a4 d5
8.exd5 Nf6xd5
9.Bc4b5 Bc8d7
10.Bb5xc6 Bd7xc6
11.Nf3xe5 Qd8d6
12.Ne5xc6 Qd6xc6
13.Rf1e1 Kd8
14.d4 Bc5d6
15.Qd1f3 f6
16.Nb1d2 Rh8e8
17.Re1xe8 Kxe8
18.Nd2e4 Kf8
19.Bc1xh6 gxh6
20.Ne4xf6 Bd6xh2
21.Kxh2 Qc6xf6
22.Qf3xd5 Ra8d8
23.Qd5f3 Kg7
24.Qf3xf6 Kxf6
25.Ra1e1 Kf5
26.Kg3 Rd8g8
27.Kf3 Kf6
28.Re1e5 Rg8f8
29.Ke3 Kg6
30.Re5e7 Rf8c8
31.Ke4 Kg5
32.Kd5 c6
33.Kd6 h5
34.Kd7 Rc8f8
35.f3 Kf4
36.Kxc6 h4
37.Re7xa7 Kg3
38.Ra7g7 Kh2
39.Kxb6 Rf8b8
40.Kc6 Rb8xb2
41.Rg7g4 Rb2c2
42.Rg4xh4 Kxg2
43.d5 Rc2xc3
44.Kd7 Rc3xf3
45.Rh4e4 Rf3a3
46.d6 Kf3
47.Re4e6 Ra3xa4
48.Ke7 Ra4a7
49.d7 Kf4
50.Ke8 Ra7a8
51.d8Q Ra8xd8
52.Kxd8 Kf5
53.Ke7 Kf4
54.Kf6 Kf3
55.Kf5 Kg3
56.Re6e3 Kf2
57.Kf4 Kf1
58.Kg3 { resign }
1-0

[Event "Tourn. n9120"]
[Site "www.chess-mail.com"]
[Date "2017.01.12"]
[Round "1"]
[White "Autmich"]
[Black "Albertf"]
[WhiteElo "1649"]
[BlackElo "1790"]
[Result "1-0"]
[Round "1"]
1.e4 e5
2.Ng1f3 Nb8c6
3.Bf1c4 Nc6d4
4.Nf3xd4 exd4
5.c3 Bf8c5
6.Bc4xf7 Kxf7
7.Qd1h5 Kf8
8.Qh5xc5 d6
9.Qc5xd4 Qd8f6
10.Qd4c4 Qf6e7
11.d3 Bc8e6
12.Qc4b4 c6
13.O-O Ng8h6
14.f4 Nh6f7
15.f5 Be6c8
16.Bc1f4 Ke8
17.Nb1d2 Kd8
18.Ra1e1 Nf7e5
19.Bf4xe5 Qe7xe5
20.d4 Qe5e7
21.e5 dxe5
22.dxe5 Qe7xb4
23.cxb4 Rh8f8
24.e6 Ke7
25.Nd2c4 b6
26.Nc4e5 Bc8b7
27.Re1d1 Ra8d8
28.Rd1c1 Rd8d5
29.Ne5f7 Bb7c8
30.Rc1xc6 h6
31.Rc6c7 { resign }
1-0

[Event "Tourn. n9072"]
[Site "www.chess-mail.com"]
[Date "2017.01.12"]
[Round "1"]
[White "Ozana"]
[Black "Fangshuo"]
[WhiteElo "2010"]
[BlackElo "2120"]
[Result "1-0"]
[Round "1"]
1.Ng1f3 c5
2.c4 Nb8c6
3.Nb1c3 e5
4.e4 Ng8f6
5.d3 d6
6.Bc1e3 Bf8e7
7.Bf1e2 Bc8g4
8.O-O Qd8d7
9.h3 Bg4xf3
10.Be2xf3 O-O
11.Ra1b1 Kh8
12.a3 Rf8g8
13.b4 cxb4
14.axb4 d5
15.Nc3xd5 Nf6xd5
16.exd5 Nc6xb4
17.d6 Be7xd6
18.c5 { resign }
1-0

[Event "Tourn. n9074"]
[Site "www.chess-mail.com"]
[Date "2017.01.12"]
[Round "1"]
[White "Mitja"]
[Black "Odin"]
[WhiteElo "1970"]
[BlackElo "1880"]
[Result "0-1"]
[Round "1"]
1.d4 d5
2.e3 Ng8f6
3.h3 Bc8f5
4.Ng1e2 Nb8d7
5.Ne2g3 Bf5g6
6.c3 e5
7.dxe5 Nd7xe5
8.b3 Bf8d6
9.Bc1b2 O-O
10.Nb1d2 Bg6d3
11.Bf1e2 c5
12.Nd2f3 c4
13.Nf3xe5 Bd3xe2
14.Qd1xe2 Bd6xe5
15.O-O b5
16.b4 a5
17.a3 axb4
18.axb4 Qd8c7
19.f4 Be5d6
20.Ra1xa8 Rf8xa8
21.Rf1a1 Ra8xa1
22.Bb2xa1 h6
23.Ba1b2 Qc7a7
24.Bb2c1 Qa7a1
25.Qe2b2 Qa1a8
26.Qb2e2 Qa8a1
27.Qe2d2 h5
28.Ng3e2 Qa1a7
29.Ne2d4 Nf6e4
30.Nd4xb5 Qa7b6
31.Qd2xd5 Ne4g3
32.Nb5xd6 Qb6a7
33.Qd5xc4 Qa7d7
34.Qc4d3 h4
35.c4 Qd7a4
36.b5 Qa4b4
37.Qd3d2 Qb4c5
38.Bc1b2 Qc5h5
39.b6 Qh5c5
40.b7 Qc5b6
41.Bb2xg7 Qb6b1
{ resign }
0-1

[Event "Tourn. n9160"]
[Site "www.chess-mail.com"]
[Date "2017.01.12"]
[Round "1"]
[White "Norlavuaram"]
[Black "Guidom"]
[WhiteElo "2100"]
[BlackElo "2090"]
[Result "1-0"]
[Round "1"]
1.e4 e5
2.Ng1f3 Nb8c6
3.Bf1b5 a6
4.Bb5a4 Ng8f6
5.O-O d6
6.Rf1e1 Bc8d7
7.c3 Bf8e7
8.d4 exd4
9.cxd4 O-O
10.Nb1c3 b5
11.Ba4b3 Ra8b8
12.Nc3d5 Nc6a5
13.Nd5xe7 Qd8xe7
14.e5 dxe5
15.Nf3xe5 Qe7d6
16.Bb3c2 Rb8d8
17.Bc1g5 Rf8e8
18.Qd1d3 g6
19.Bg5d2 Na5c6
20.Ne5xd7 Re8xe1
21.Ra1xe1 Nf6xd7
22.Bd2g5 f6
23.Bg5e3 Kg7
24.Re1d1 Nc6b4
25.Qd3d2 Nb4xc2
26.Qd2xc2 Nd7b6
27.b3 Nb6d5
28.Rd1c1 Rd8d7
29.Qc2e2 Rd7e7
30.Qe2f3 c6
31.Qf3h3 Nd5xe3
32.fxe3 Qd6e6
33.Qh3xe6 Re7xe6
34.Kf2 f5
35.Rc1c5 Re6d6
36.Kf3 Kf6
37.a3 Ke6
38.b4 h5
39.h4 Ke7
40.Kf4 Kf6
41.Rc5e5 Rd6e6
42.Re5xe6 Kxe6
43.Kg5 Kf7
44.Kh6 Kf6
45.g3 Kf7
46.Kh7 Kf6
47.Kg8 f4
48.gxf4 Kf5
49.Kf7 Kg4
50.Kxg6 Kxh4
51.f5 Kg4
52.f6 h4
53.f7 h3
54.f8Q Kg3
55.Qf8f1 h2
56.e4 { resign }
1-0

[Event "Tourn. n9157"]
[Site "www.chess-mail.com"]
[Date "2017.01.12"]
[Round "1"]
[White "Yoj"]
[Black "Aiko1603"]
[WhiteElo "1809"]
[BlackElo "1659"]
[Result "1-0"]
[Round "1"]
1.Ng1f3 c5
2.e4 Nb8c6
3.Bf1c4 g6
4.c3 Bf8g7
5.Nf3g5 Nc6e5
6.Bc4e2 h6
7.Ng5f3 Ne5xf3
8.Be2xf3 d6
9.O-O Ng8f6
10.d3 Qd8b6
11.b3 O-O
12.Bc1e3 Qb6c7
13.Nb1d2 b5
14.e5 Ra8b8
15.exf6 exf6
16.c4 b4
17.Ra1c1 f5
18.Nd2b1 g5
19.Bf3d5 f4
20.Be3d2 Bc8f5
21.Qd1f3 Bf5g6
22.a3 a5
23.axb4 axb4
24.g3 fxg3
25.hxg3 Qc7d7
26.Kg2 Kh7
27.Rc1e1 Bg6f5
28.Bd5e4 Bf5xe4
29.Qf3xe4 Kg8
30.Qe4d5 Kh7
31.Rf1h1 Kg6
32.Qd5e4 f5
33.Qe4e6 Qd7xe6
34.Re1xe6 Rf8f6
35.Re6e7 h5
36.Bd2c1 Bg7f8
37.Re7d7 Rb8e8
38.Bc1b2 Rf6e6
39.Rd7a7 Re6e2
40.Bb2a1 Re8e3
41.Rh1f1 Re3xd3
42.Ra7a8 Kf7
43.Rf1h1 Re2e8
44.Ra8xe8 Kxe8
45.Rh1xh5 Rd3xb3
46.Nb1d2 Rb3d3
47.Nd2f3 Bf8e7
48.Nf3xg5 Be7xg5
49.Rh5xg5 Rd3d1
50.Ba1f6 b3
51.Rg5xf5 Kd7
52.g4 Kc6
53.g5 Rd1d4
54.Bf6xd4 cxd4
55.Rf5b5 { resign }
1-0